Ultimate OG Barbie Characters Quiz - Statistics

General Stats
  • This quiz has been taken 228 times
    185 since last reset
  • The average score is 30 of 118
Answer Stats
Hint Answer % Correct
Princess Rapunzel
71%
Pauper Erika
70%
Princess Odet
63%
Mother Gothel
61%
Princess Anneliese
57%
Queen | princess Genevieve
57%
Princess Annika
51%
fuzzy blue companion Bibble
50%
human/fairy Elina
48%
human | princess Hadley
47%
sunset 3 Rose
47%
princess Blair
45%
Lord Preminger
45%
Tutor Julian
43%
12 DANCING PRINCESSES | FAIRYTOPIA | ISLAND PRINCESS | +8 others Barbie
42%
cat Wolfie
42%
shoemaker Derek
41%
King Dominick
41%
cat Serafina
40%
human | princess Fallon
39%
princess Lacey
39%
Madam Carp
37%
princess Isla
37%
dragon Penelope
37%
elephant Tika
37%
Duchesss Rowena
36%
princess Courtney
35%
princess Janessa
32%
princess Delia
31%
Blacksmith Aidan
30%
polar bear Shiver
30%
peacock Azul
29%
musketeer Corinne
29%
princess Kathleen
29%
Prince Nalu
29%
princess Ashlyn
27%
Princess Brietta
27%
Prince Daniel
27%
princess Edeline
26%
Warlock Wenlock
26%
Evil Laverna
25%
Queen Eris
24%
Prince Louis
24%
daughter of^ Odile
24%
ferret Otto
24%
Prince Antonio
23%
Blue Azura
23%
Goon 1 Nick
22%
musketeer Renee
20%
Princess Roe
20%
Warlock Rothbart
20%
Mermaid Nori
19%
Prince Stefan
19%
musketeer Aramina
18%
dog | monkey Brutus
18%
fairy Dandelion
18%
Maximus Fungus
18%
horse Herve
18%
Goon 2 Nack
18%
monkey Tallulah
18%
Fox Lila
17%
Princess Luciana
17%
Queen Ariana
16%
rabbit Hobie
16%
Porquipine Ivan
16%
King Randolph
16%
cat Twyla
16%
dolphin Zuma
16%
Queen Isabella
15%
musketeer Viveca
15%
cat Miette
14%
troll Ollie
14%
dragon Hugo
13%
red panda Sagi
13%
horse Alexander
12%
bird Felix
11%
Queen Calissa
10%
Queen Enchantress
10%
dog Midas
10%
Main Henchmen Philippe
10%
seal Snouts
10%
Monsieur de Treville
10%
Queen Fairy
9%
Queen Marissa
9%
Seamstress Bertie
8%
sunset 1 Blush
8%
Skunk Carlita
8%
sunset 2 Lilac
8%
King Peter
8%
Worm Erasmus
7%
merchant Ferris
7%
Maid Helen
7%
Queen (of the clouds) Rayla
7%
Butterfly Hue
6%
red Ruby
6%
mermaid Xylie
6%
Fairy Dahlia
5%
merchant Fabian
4%
sea snail Shellie
4%
yellow Topaz
3%
purple Amethyst
2%
Butler Desmund
2%
mermaid Syrenka
1%
Princess Merilah
0%
No matching quizzes found
Score Distribution
Percent of People with Each Score
Percentile by Number Answered
Your Score History
You have not taken this quiz since the last reset